000
00301nam a22001337a 4500
008
180919b xxu||||| |||| 00| 0 eng d
020
_a
9780534550844
041
_a
eng
080
_a
159.9
100
_a
48
101
_a
PSI
245
_a
Counseling Gay Men and Lesbians
_c
Barret,B
942
_2
udc
_c
BK
999
_c
48052
_d
48052